Evolution

Đã lưu trong:
书目详细资料
主要作者: Ridley, Mark
格式: 图书
语言:Undetermined
出版: Boston Blackwell Scientific 1993
主题:
标签: 添加标签
没有标签, 成为第一个标记此记录!
Thư viện lưu trữ: Trung tâm Học liệu Trường Đại học Cần Thơ
LEADER 00451nam a2200181Ia 4500
001 CTU_127203
008 210402s9999 xx 000 0 und d
082 |a 575 
082 |b R546 
100 |a Ridley, Mark 
245 0 |a Evolution 
245 0 |c Mark Ridley 
260 |a Boston 
260 |b Blackwell Scientific 
260 |c 1993 
650 |a Evolution (Biology) 
904 |i Hiếu 
980 |a Trung tâm Học liệu Trường Đại học Cần Thơ